000
00464nam a2200181Ia 4500
008
090122s9999 xx 000 0 und d
082
_b
66
_a
801.954
100
_a
अदवंत
_b
म
_c
ना
245
_a
पैंजण
260
_b
साहित्य प्रसार
_c
1982
300
_a
123
501
_a
--
600
_a
अदवंत
630
_a
पैंजण
700
_a
अदवंत
730
_a
पैंजण
942
_c
BOOK
999
_c
24144
_d
24144